| 000 | 00595nam a22002177a 4500 | ||
|---|---|---|---|
| 999 |
_c334 _d334 |
||
| 003 | OSt | ||
| 005 | 20191106131908.0 | ||
| 008 | 140811b xxu||||| |||| 00| 0 eng d | ||
| 020 | _a9780443069789 | ||
| 040 | _cDLC | ||
| 082 |
_aWL 368 L645n 2004 _bW |
||
| 100 |
_aLindsay, Kenneth W.; Bone, Ian _9875 |
||
| 245 | _aNeurology and Neurosurgery Illustrated | ||
| 250 | _a5th ed. | ||
| 260 |
_aLondon _bChurchill Livingstone _c2011 |
||
| 300 |
_a598 p.: _bill.; _c25 cm |
||
| 504 | _aIncludes Refereences & index | ||
| 650 |
_aNeurology _92815 |
||
| 650 |
_aNeurosurgery _93205 |
||
| 942 |
_2z _cB_BANK |
||